growth and yield comparison of 08 rubber clones in trial ir.aa.06 at cambodain research institute ការប្រៀបធៀបការលូតលាស់ និងទិន្នផលក្លូនកៅស៊ូចំនួន ០៨ ក្នុងឡូតិ៍ពិសោធន័ IR.AA.06 នៅវិទ្យាស្ថានស្រាវាជ្រាវកៅស៊ូកម្ពុជា (Record no. 18107)
[ view plain ]
| 000 -LEADER | |
|---|---|
| fixed length control field | 00798nam a22001577a 4500 |
| 003 - CONTROL NUMBER IDENTIFIER | |
| control field | OSt |
| 005 - DATE AND TIME OF LATEST TRANSACTION | |
| control field | 20190730110229.0 |
| 008 - FIXED-LENGTH DATA ELEMENTS--GENERAL INFORMATION | |
| fixed length control field | 190730b xxu||||| |||| 00| 0 eng d |
| 040 ## - CATALOGING SOURCE | |
| Transcribing agency | RUA |
| 082 ## - DEWEY DECIMAL CLASSIFICATION NUMBER | |
| Classification number | RUB PHO 2017 B643 Or.1 |
| 100 ## - MAIN ENTRY--PERSONAL NAME | |
| 9 (RLIN) | 13779 |
| Personal name | PHON YAN ផុន យ៉ាង |
| 245 ## - TITLE STATEMENT | |
| Title | growth and yield comparison of 08 rubber clones in trial ir.aa.06 at cambodain research institute ការប្រៀបធៀបការលូតលាស់ និងទិន្នផលក្លូនកៅស៊ូចំនួន ០៨ ក្នុងឡូតិ៍ពិសោធន័ IR.AA.06 នៅវិទ្យាស្ថានស្រាវាជ្រាវកៅស៊ូកម្ពុជា |
| 260 ## - PUBLICATION, DISTRIBUTION, ETC. (IMPRINT) | |
| Place of publication, distribution, etc. | phnom penh |
| Name of publisher, distributor, etc. | rua |
| Date of publication, distribution, etc. | 2017 |
| 300 ## - PHYSICAL DESCRIPTION | |
| Extent | xi;55p; |
| Other physical details | ill; |
| Dimensions | 29cm; |
| 942 ## - ADDED ENTRY ELEMENTS (KOHA) | |
| Source of classification or shelving scheme | |
| Koha item type | RUB |
| Price effective from | Date last seen | Permanent Location | Not for loan | Date acquired | Source of classification or shelving scheme | Koha item type | Barcode | Lost status | Damaged status | Shelving location | Withdrawn status | Current Location | Full call number |
|---|---|---|---|---|---|---|---|---|---|---|---|---|---|
| 2019-07-30 | 2019-07-30 | Library Block B | 2019-07-30 | RUB | A41858 | B643 | Library Block B | RUB PHO 2017 B643 Or.1 | |||||
| 2019-07-30 | 2019-07-30 | Library Block B | 2019-07-30 | RUB | A41788 | B643 | Library Block B | RUB PHO 2017 B643 Or.2 | |||||
| 2019-07-30 | 2019-07-30 | Library Block B | 2019-07-30 | RUB | A41638 | B643 | Library Block B | RUB PHO 2017 B643 Or.3 | |||||
| 2019-07-30 | 2019-07-30 | Library Block B | 2019-07-30 | RUB | A41633 | B643 | Library Block B | RUB PHO 2017 B643 Or.4 | |||||
| 2019-07-30 | 2019-07-30 | Library Block B | 2019-07-30 | RUB | A41863 | B643 | Library Block B | RUB PHO 2017 B643 Or.5 | |||||
| 2019-07-30 | 2019-07-30 | Library Block B | 2019-07-30 | RUB | A41938 | B643 | Library Block B | RUB PHO 2017 B643 Or.6 |